Statistiques concernant Football: Buteurs équipe de France en Coupe du Monde

Cliquez ici pour prendre le quiz!

Statistiques générales

  • Ce quiz a été pris 529 fois
    (400 depuis la dernière actualisation)
  • Le résultat moyen est 24 sur 61

Statistiques - réponses

Réponse% Correct
Kylian Mbappé
99%
Antoine Griezmann
98%
Olivier Giroud
97%
Zinedine Zidane
97%
Just Fontaine
91%
Thierry Henry
91%
Michel Platini
90%
Karim Benzema
88%
Paul Pogba
85%
Raphaël Varane
78%
Benjamin Pavard
76%
Samuel Umtiti
76%
Lilian Thuram
75%
Emmanuel Petit
72%
David Trezeguet
70%
Franck Ribéry
69%
Théo Hernandez
67%
Raymond Kopa
63%
Laurent Blanc
62%
Randal Kolo Muani
58%
Adrien Rabiot
55%
Aurélien Tchouaméni
53%
Blaise Matuidi
52%
Jean-Pierre Papin
52%
Mathieu Valbuena
47%
Youri Djorkaeff
47%
Patrick Vieira
46%
Bixente Lizarazu
44%
Christophe Dugarry
35%
Florent Malouda
35%
Marius Trésor
34%
Alain Giresse
33%
Moussa Sissoko
25%
Dominique Rocheteau
24%
Jean Tigana
24%
Luis Fernandez
20%
Manuel Amoros
17%
Didier Six
14%
Maxime Bossis
10%
Roger Piantoni
10%
Bernard Genghini
9%
Bernard Lacombe
9%
Jean Vincent
8%
Lucien Laurent
8%
Yannick Stopyra
8%
Jean Nicolas
6%
Gérard Soler
5%
Jean-Marc Ferreri
4%
René Girard
3%
Alain Couriol
2%
Christian Lopez
2%
Gérard Hausser
2%
Marc Berdoll
2%
Maryan Wisniewski
2%
André Maschinot
1%
Marcel Langiller
1%
Emile Veinante
1%
Georges Verriest
1%
Héctor De Bourgoing
1%
Oscar Heisserer
1%
Yvon Douis
1%

Distribution des résultats

Percentile par nombre de réponses

% des personnes avec chaque résultat

Votre développement - résultats

Vous n’avez pas pris ce quiz depuis la dernière actualisation